|
|
|
|
| LEADER |
00000nab a2200000 a 4500 |
| 001 |
vtls000874298 |
| 003 |
SK-MaSNL |
| 005 |
20260304125916.0 |
| 008 |
250429c2004 xo 0 slo |
| 015 |
|
|
|a SNBRB2004/06-17307
|
| 035 |
|
|
|a CLN000225850
|
| 035 |
|
|
|a urn:nbn:sk:snk-absk1
|
| 035 |
|
|
|a (urnnbn)urn:nbn:sk:snk:ar-a05n1t
|
| 035 |
|
|
|a (uuid)53cfcbd3-1009-4cf9-8900-dca5ccc3ad8a
|
| 040 |
|
|
|a SNKBUCL
|b slo
|c SNKBUCL
|e AACR2
|
| 041 |
0 |
|
|a slo
|
| 044 |
|
|
|a xo
|c SK
|
| 080 |
|
|
|a 616.8-009.29-053.2/.7:615.214
|2 1997
|
| 100 |
1 |
|
|a Ondrejka, Igor,
|d 1967-
|4 aut
|9 197653
|
| 245 |
1 |
0 |
|a Hyperkinetická porucha a syndróm z aspektu psychofarmakoterapie
|c Igor Ondrejka, Milena Drímalová
|
| 300 |
|
|
|b Tab.
|
| 504 |
|
|
|a Res. slov.
|
| 504 |
|
|
|a Bibliogr. odkazy
|
| 650 |
0 |
7 |
|a hyperkinéza
|x genetika
|x patológia
|x dieťa
|2 MESH
|9 1439667
|
| 650 |
0 |
7 |
|a porucha zníženej pozornosti, s hyperaktivitou
|x patofyziológia
|x adolescent
|x dieťa
|2 MESH
|9 1439668
|
| 650 |
0 |
7 |
|a štatistika
|2 MESH
|9 778
|
| 650 |
0 |
7 |
|a antipsychotiká
|x aplikácia a dávkovanie
|x použitie terapeutické
|2 MESH
|9 870096
|
| 650 |
0 |
7 |
|a antidepresíva
|2 MESH
|9 13607
|
| 655 |
|
7 |
|a články z novín a časopisov
|2 snkbucl
|9 267496
|
| 700 |
1 |
|
|a Drímalová, Milena
|4 aut
|9 21292
|
| 773 |
0 |
|
|t Psychiatria pre prax
|g Roč. 5, č. 1 (2004), s. 31-33
|x 1335-9584
|
| 850 |
|
|
|a Slovenská národná knižnica
|
| 852 |
|
|
|a Slovenská národná knižnica
|
| 954 |
|
|
|a odborná, vedecká literatúra pôvodná (slovenská)
|2 lita
|
| 958 |
|
|
|a article27
|
| 958 |
|
|
|a MI
|
| 958 |
|
|
|a NB
|
| 958 |
|
|
|a OND
|
| 958 |
|
|
|a EUIPO
|
| 999 |
|
|
|c 2894841
|d 2896771
|